000 02016nam0a2200397 4500
001 RU\NLR\bibl\1483000
005 20260408071522.0
010 _a978-5-88476-910-6
_9500
021 _aRU
_b2010-232
_912
035 _a(NLR Aleph) 001474628
090 _a1665316
_c1665316
100 _a20100128d2009 |||y0rusy50 ca
101 0 _arus
_deng
_eeng
_feng
102 _aRU
105 _aa dm |||||
200 1 _aСеверный вектор в российской истории
_dNorthern vector in Russian history
_eцентр и Кольское Заполярье в XVI-XX вв.
_fП.В. Федоров
_gФедер. агентство по образованию, Мурман. гос. пед. ун-т
_zeng
210 _aМурманск
_cМурманский государственный педагогический университет
_d2009
215 _a388 с.
_cил.
_d21
300 _aАвт. также на англ. яз.: P.V. Fedorov
300 _aРез. на англ. яз.
320 _aБиблиогр. в подстроч. примеч.
510 0 _6z45790
_aNorthern vector in Russian history
_zeng
607 _aРоссия
_xИстория
_yСевер
_92094667
_3RU\NLR\auth\661267486
686 _a63.3(2Рос-4Мур)
_vLBC/M
_2rubbk
686 _a65.03(2Рос-4Мур)
_vLBC/M
_2rubbk
686 _aТ3(2Р31)0,02
700 1 _4070
_8rus
_7ca
_aФедоров
_bП. В.
_cд-р ист. наук
_f1976-
_gПавел Викторович
_3RU\NLR\AUTH\7725568
_98615
712 0 2 _aМурманский государственный педагогический университет
_3RU\NLR\AUTH\8810052696
_9605821
790 1 _4070
_8rus
_7ba
_aFedorov
_bP. V.
_cд-р ист. наук
_f1976-
_gPavel Viktorovič
_3RU\NLR\AUTH\7786346
_969274
801 0 _aRU
_bМурманская ГОУНБ
_c20100128
_grcr
801 1 _aRU
_bМурманская ГОУНБ
_c20100128
801 2 _aRU
_bNLR
_c20100310
_grcr
942 _cBOOK
980 _aNB